[Event "Gelsenkirchen Silvester op 1st"]
[Site "Gelsenkirchen"]
[Date "2013.12.29"]
[Round "4"]
[White "Oberkalkofen, Christof"]
[Black "Mann, Guenter"]
[Result "0-1"]
[WhiteElo "1775"]
[BlackElo "1962"]
[PlyCount "118"]
[EventDate "2013.12.27"]
[EventType "swiss"]
[EventRounds "5"]
[EventCountry "GER"]
[SourceTitle "EXT 2019"]
[Source "ChessBase"]
[SourceDate "2018.10.10"]
[SourceVersion "1"]
[SourceVersionDate "2018.10.10"]
[SourceQuality "1"]

1. e4 c5 2. Nf3 Nc6 3. d4 cxd4 4. Nxd4 a6 5. Nc3 e6 6. a4 Bb4 7. Bc4 Qc7 8. Ba2 Qe5 9. Nde2 Qxe4 10. 0-0 Qg4 11. h3 Qh5 12. Ne4 d5 13. N4g3 Qh4 14. c3 Be7 15. b4 Bf6 16. Re1 Nge7 17. b5 Nb4 18. Qb3 Nxa2 19. Rxa2 Qc4 20. Qxc4 dxc4 21. Ne4 axb5 22. Nd6+ Kf8 23. a5 Nc6 24. Ba3 Be7 25. Nxc8 Rxc8 26. a6 bxa6 27. Bxe7+ Kxe7 28. Rxa6 Rc7 29. Rb6 Rb8 30. Rxb8 Nxb8 31. Nd4 b4 32. cxb4 Nc6 33. Nxc6+ Rxc6 34. b5 Rc5 35. b6 Kd7 36. Kf1 Kc6 37. Rb1 Kb7 38. Ke2 Rc6 39. Rb4 c3 40. Kd1 Rxb6 41. Rg4 g6 42. Rf4 f5 43. g4 Rc6 44. Kc2 Kc7 45. gxf5 exf5 46. h4 Kd6 47. h5 Ke5 48. Rb4 g5 49. Rb7 Rh6 50. Kxc3 Kf4 51. Rb4+ Kf3 52. Rb5 Rf6 53. Rb7 h6 54. Rg7 Kxf2 55. Rg6 Rf8 56. Rxh6 g4 57. Rg6 g3 58. Rd6 g2 59. Rd2+ Kg3 0-1

[Event "NRW Verbandsliga Group1 1314"]
[Site "Nordrheinwestfalen"]
[Date "2013.10.20"]
[Round "3.5"]
[White "Oberkalkofen, Christof"]
[Black "Hillebrand, Carsten"]
[Result "0-1"]
[WhiteElo "1743"]
[BlackElo "1926"]
[PlyCount "72"]
[EventDate "2013.09.08"]
[EventType "team-tourn"]
[EventRounds "9"]
[EventCountry "GER"]
[SourceTitle "EXT 2020"]
[Source "ChessBase"]
[SourceDate "2019.10.17"]
[SourceVersion "1"]
[SourceVersionDate "2019.10.17"]
[SourceQuality "1"]
[WhiteTeam "Bochum SC an der Uni"]
[BlackTeam "Dortmund FS 98"]
[WhiteTeamCountry "GER"]
[BlackTeamCountry "GER"]

1. e4 c5 2. Nf3 Nc6 3. d4 cxd4 4. Nxd4 e5 5. Nb5 d6 6. a4 Be7 7. Bc4 Nf6 8. N1c3 a6 9. Na3 0-0 10. 0-0 Kh8 11. Be3 Ng4 12. Nd5 Nxe3 13. fxe3 Bg5 14. Bd3 Ne7 15. Nc4 Be6 16. Qh5 Ng8 17. h4 Bh6 18. a5 Rc8 19. Rf2 Rc5 20. b3 f5 21. Raf1 g6 22. Qd1 Bxd5 23. exd5 Qxh4 24. e4 Rxc4 25. bxc4 Be3 26. Qf3 Bxf2+ 27. Rxf2 f4 28. g3 Qf6 29. g4 Qd8 30. g5 Qxg5+ 31. Rg2 Qh4 32. c5 dxc5 33. Bc4 Qe1+ 34. Kh2 Nf6 35. Qh3 Nh5 36. Be2 Ng3 0-1

[Event "NRW Verbandsliga Group1 1314"]
[Site "Nordrheinwestfalen"]
[Date "2013.10.13"]
[Round "2"]
[White "Linde, Wolfgang"]
[Black "Oberkalkofen, Christof"]
[Result "1-0"]
[WhiteElo "2077"]
[BlackElo "1743"]
[PlyCount "101"]
[EventDate "2013.09.08"]
[EventType "team-tourn"]
[EventRounds "9"]
[EventCountry "GER"]
[SourceTitle "EXT 2020"]
[Source "ChessBase"]
[SourceDate "2019.10.17"]
[SourceVersion "1"]
[SourceVersionDate "2019.10.17"]
[SourceQuality "1"]
[WhiteTeam "Welper SV"]
[BlackTeam "Bochum SC an der Uni"]
[WhiteTeamCountry "GER"]
[BlackTeamCountry "GER"]

1. e4 e5 2. Nf3 Nf6 3. Nxe5 d6 4. Nf3 Nxe4 5. Nc3 Nxc3 6. dxc3 Be7 7. Bd3 Nc6 8. Bf4 Bg4 9. h3 Bh5 10. g4 Bg6 11. Qd2 Qd7 12. 0-0-0 0-0-0 13. Nd4 Nxd4 14. cxd4 Bxd3 15. Qxd3 h5 16. f3 g5 17. Bg3 Rde8 18. d5 Bf6 19. Kb1 Kb8 20. Bf2 hxg4 21. hxg4 a6 22. b3 Rxh1 23. Rxh1 Qe7 24. Bd4 Bxd4 25. Qxd4 Qe5 26. Qxe5 Rxe5 27. Rh8+ Ka7 28. Rf8 Rxd5 29. Rxf7 Kb6 30. Kc1 c5 31. c4 Re5 32. Kd2 Kc6 33. Kd3 d5 34. Rf6+ Kc7 35. cxd5 Rxd5+ 36. Ke4 Rd2 37. Rf5 b6 38. Rxg5 Re2+ 39. Kd5 Rd2+ 40. Ke4 Re2+ 41. Kd5 Rd2+ 42. Ke6 Re2+ 43. Re5 Rf2 44. Re3 Rxa2 45. g5 Rg2 46. Kf6 b5 47. g6 a5 48. g7 a4 49. bxa4 b4 50. Re5 Kd6 51. Rg5 1-0

[Event "Ruhrgebiet VK3 0910"]
[Site "Ruhrgebiet"]
[Date "2010.02.21"]
[Round "7.8"]
[White "Oberkalkofen, Christof"]
[Black "Buthmann, Ralf"]
[Result "0-1"]
[WhiteElo "1808"]
[BlackElo "1733"]
[PlyCount "106"]
[EventDate "2009.09.06"]
[EventType "team"]
[EventRounds "9"]
[EventCountry "GER"]
[SourceTitle "EXT 2011"]
[Source "ChessBase"]
[SourceDate "2010.11.26"]
[SourceVersion "1"]
[SourceVersionDate "2010.11.26"]
[SourceQuality "1"]
[WhiteTeam "Bochum Uni"]
[BlackTeam "Haltern"]
[WhiteTeamCountry "GER"]
[BlackTeamCountry "GER"]

1. e4 c5 2. Nf3 d6 3. d4 cxd4 4. Nxd4 Nf6 5. Nc3 e6 6. Bc4 a6 7. a4 Qc7 8. Qe2 Nbd7 9. f4 b6 10. 0-0 Bb7 11. b4 Rc8 12. Bxa6 Bxa6 13. Qxa6 Qxc3 14. Bb2 Qc4 15. b5 Qc5 16. Kh1 Qc7 17. a5 Be7 18. Rf3 Nxe4 19. axb6 Nxb6 20. Nc6 Bf6 21. Bxf6 gxf6 22. Rfa3 0-0 23. Qa7 Qxa7 24. Rxa7 Ra8 25. R1a6 Rxa7 26. Nxa7 Ra8 27. Nc6 Nc5 28. Rxa8+ Nxa8 29. g4 d5 30. Kg2 Na4 31. f5 Nc7 32. fxe6 fxe6 33. Nd4 e5 34. Nc6 Kf7 35. g5 Nxb5 36. gxf6 Kxf6 37. Kg3 Nd4 38. Nb4 Nc3 39. Kg4 Kg6 40. Nd3 h5+ 41. Kg3 Nce2+ 42. Kf2 Kf5 43. Nb4 Nf4 44. Ke3 Ke6 45. Kf2 h4 46. Ke3 Kd6 47. c3 Nf5+ 48. Kf3 h3 49. Kg4 Ne3+ 50. Kf3 Nf1 51. Nc2 Nxh2+ 52. Kg3 Nf1+ 53. Kf2 h2 0-1

[Event "Ruhrgebiet VK3 0910"]
[Site "Ruhrgebiet"]
[Date "2010.01.10"]
[Round "5.8"]
[White "Oberkalkofen, Christof"]
[Black "Mikulski, Georg"]
[Result "1/2-1/2"]
[WhiteElo "1808"]
[BlackElo "1965"]
[PlyCount "30"]
[EventDate "2009.09.06"]
[EventType "team"]
[EventRounds "9"]
[EventCountry "GER"]
[SourceTitle "EXT 2011"]
[Source "ChessBase"]
[SourceDate "2010.11.26"]
[SourceVersion "1"]
[SourceVersionDate "2010.11.26"]
[SourceQuality "1"]
[WhiteTeam "Bochum Uni"]
[BlackTeam "Herne Sodingen II"]
[WhiteTeamCountry "GER"]
[BlackTeamCountry "GER"]

1. e4 e6 2. d4 d5 3. Nc3 Bb4 4. exd5 exd5 5. Bd3 Nc6 6. Nge2 Nge7 7. 0-0 Bf5 8. Bg5 Bxd3 9. Qxd3 Qd7 10. Rfe1 f6 11. Bf4 0-0 12. Ng3 Rae8 13. Re2 Ng6 14. Bd2 Rxe2 15. Ngxe2 Re8 1/2-1/2